000 01346nam0a2200289 i 4500
001 RU\NLR\BIBL_A\011463969
005 20240921153212.0
010 _a9785950057700
_950
021 _aRU
_b2017-57550
_94088
035 _a(RuMoRGB)008954354
035 _a(NLR Aleph) 011463969
090 _a11817892
_c11817892
100 _a20170831d2017 km y0rusy50 ca
101 0 _arus
102 _aRU
105 _aa|||z|||000zy
200 1 _aРегиональная логистическая система АПК
_e[монография]
_fБ.Х. Рахимова
_gФедеральное государственное бюджетное учреждение науки Комплексный научно-исследовательский институт им. Х.И. Ибрагимова Российской академии наук
210 _aГрозный
_cКНИИ РАН
_d2017
215 _a198 с.
_cил., табл., цв. ил.
_d21
320 _aБиблиогр.: с. 178-194 (189 назв.) и в подстроч. примеч.
606 1 _aАгропромышленные комплексы
_yЧеченская Республика
_92624198
_3RU\NLR\AUTH\661560758
686 1 _aУ32(2)-434(2Р-6Че)
700 1 _aРахимова
_bБ. Х.
942 _cBOOK
980 _aNBR